000 00897nam a2200253 4500
003 OSt
005 20260530113921.0
008 260520b2000 nz ||||| |||| 00| 0 eng d
040 _aICI
_bspa
_cICI
_erda
050 _aN85 E97 2000
100 _eautor
110 _aMassey University College of Design, Fine Arts and Music
_934683
245 _aExposure 2000
260 _aWellington, New Zealand
_bMassey University College of Design, Fine Arts and Music
_c2000
300 _a120 paginas:
_bilustraciones
336 _2rdacontent
_atexto
337 _2rdamedia
_asin medio
338 _2rdacarrier
_avolumen
500 _aCatálogo académico de proyectos y exposiciones de diseño, bellas artes y música
650 _aDiseño
_xEstudio y enseñanza.
_934684
650 _aBellas artes
_xEstudio y enseñanza.
_934685
651 _aNueva Zelanda
_xVida cultural
_934686
942 _2lcc
_n1
_cBK
999 _c12462
_d12462